Rank NHL Teams by Total Playoff Wins - Statistics

General Stats
  • This quiz has been taken 122 times
    100 since last reset
  • The average score is 23 of 32
Answer Stats
GP W Answer % Correct
1 781 447 Montreal Canadiens
100%
2 689 338 Boston Bruins
98%
3 622 325 Detroit Red Wings
96%
4 581 275 Toronto Maple Leafs
94%
5 548 268 Chicago Blackhawks
92%
6 545 257 New York Rangers
92%
7 449 231 Philadelphia Flyers
87%
8 398 212 Pittsburgh Penguins
81%
12 300 174 Edmonton Oilers
75%
32 14 7 Seattle Kraken
75%
14 271 142 New Jersey Devils
72%
31 41 15 Columbus Blue Jackets
70%
9 392 198 Dallas Stars
70%
13 319 174 New York Islanders
70%
10 416 188 St. Louis Blues
70%
19 268 116 Los Angeles Kings
68%
18 241 119 San Jose Sharks
68%
25 88 54 Vegas Golden Knights
66%
22 190 91 Carolina Hurricanes
62%
11 326 178 Colorado Avalanche
62%
23 162 89 Anaheim Ducks
60%
29 99 36 Minnesota Wild
60%
17 214 123 Tampa Bay Lightning
60%
15 301 140 Washington Capitals
60%
16 256 124 Buffalo Sabres
58%
26 125 54 Nashville Predators
58%
20 246 111 Vancouver Canucks
58%
27 128 45 Arizona Coyotes
57%
21 250 110 Calgary Flames
55%
30 48 17 Winnipeg Jets
55%
28 85 38 Florida Panthers
53%
24 151 72 Ottawa Senators
53%
No matching quizzes found
Score Distribution
Percent of People with Each Score
Percentile by Number Answered
Your Score History
You have not taken this quiz since the last reset